Search the Library Catalogue
| 000 -LEADER | |
|---|---|
| fixed length control field | 00258nam a22001097a 4500 |
| 008 - FIXED-LENGTH DATA ELEMENTS--GENERAL INFORMATION | |
| fixed length control field | 250401b |||||||| |||| 00| 0 eng d |
| 020 ## - INTERNATIONAL STANDARD BOOK NUMBER | |
| ISBN | 9780099534839 |
| 082 ## - DEWEY DECIMAL CLASSIFICATION NUMBER | |
| Classification number | 813.54 |
| Item number | REN |
| 245 ## - TITLE STATEMENT | |
| Title | The best man to die |
| 942 ## - ADDED ENTRY ELEMENTS (KOHA) | |
| Koha item type | English Books |
| Withdrawn status | Lost status | Damaged status | Not for loan | Home library | Current library | Shelving location | Date acquired | Accession Number | Price effective from | Koha item type | Full call number |
|---|---|---|---|---|---|---|---|---|---|---|---|
| Anna Centenary Library | Anna Centenary Library | 4TH FLOOR, B WING | 09.11.2010 | 337224 | 01.04.2025 | English Books | |||||
| Anna Centenary Library | Anna Centenary Library | 16.12.2010 | 01.04.2025 | English Books | 813.54 REN |